000 00712nam a2200217 a 4500
001 000009118
005 20250129121827.0
008 090928s1993 dr a r 000 0 spa d
040 _aDO-SdBNP
_bspa
_cBNPHU
082 _aRD861.44
_bG261m
100 1 _aGatón Arce, Freddy,
_d1920-1994
_97946
245 1 3 _aLa moneda del príncipe /
_cFreddy Gatón Arce.
260 _aSanto Domingo :
_bTaller,
_c1993.
300 _a98 p. :
_bil. ;
_c24 cm.
500 _aPublicado en el cincuentenario de la Poesía Sorprendida
504 _aBibliográfía : p. 95
590 _aInventariado, 2018/BT
650 0 _aPoesía dominicana
_966
650 0 _aLiteratura dominicana.
_967
910 _aValidado. Control de calidad. MFF
999 _c8882
_d8882